00746nam a2200205Ia 4500952014000000999001700140003000400157005001700161008004100178020001800219040000900237082002200246100002700268245009100295250001200386260006700398300000900465650001600474942005000490 00102ddc40708STATISTICSaMESbMEScSTAd2019-02-20g895.00l0o519.502433 WEB/Ap38504r2019-02-20 00:00:00w2019-02-20yBKzGL21R4 c32438d32438OSt20200805115741.0190216s9999||||xx |||||||||||||| ||und|| a9780070703544 coclc a519.502433bWEB/A aWebster, Allen L93977 0aApplied Statistics For Business And Economics An Essentials Version /cAllen L Webster a3rd Ed. bTata Mcgraw-Hill Education Private Limited,c2010.aNew Delhi: a606p aMathematics cBK2ddch519.502433iWEB/Ak519.502433mWEB/A